Ariana Grande - Tous les albums - Statistiques

Statistiques générales
  • Ce quiz a été pris 264 fois
  • Le résultat moyen est 7 sur 7
Statistiques - réponses
Hint Réponse % Correct
Albums Eternal Sunshine
98%
Albums Dangerous Woman
96%
Albums Positions
94%
Albums Yours Truly
94%
Albums My Everything
93%
Albums Sweetener
93%
Albums thank u, next
93%
Aucun quiz correspondant
Distribution des résultats
% des personnes avec chaque résultat
Percentile par nombre de réponses
Votre historique - résultats
Vous n’avez pas pris ce quiz